Design and development of hot press metal forming using KUKA robot /
Saved in:
| Main Author: | |
|---|---|
| Format: | Thesis Book |
| Language: | English |
| Published: |
2013.
|
| Subjects: | |
| Tags: |
Add Tag
No Tags, Be the first to tag this record!
|
| LEADER | 01167cam a2200277 a 4500 | ||
|---|---|---|---|
| 001 | u968995 | ||
| 003 | SIRSI | ||
| 005 | 201311271447 | ||
| 008 | 131127s2013 my a t 000 0 eng m | ||
| 040 | |a UMM |d UMJ |e rda | ||
| 090 | |a TS176 |b UM 2013 Addp | ||
| 097 | |a TS176 |b UM 2013 Addp | ||
| 100 | 0 | |a Addam Paat. | |
| 245 | 1 | 0 | |a Design and development of hot press metal forming using KUKA robot / |c Addam bin Paat. |
| 260 | |c 2013. | ||
| 300 | |a xv, 66 [1] leaves : |b ill. ; |c 30 cm. | ||
| 502 | |a Dissertation (M.Eng.) -- Jabatan Kejuruteraan Mekanik, Fakulti Kejuruteraan, Universiti Malaya, 2013. | ||
| 504 | |a Bibliography: leaves 56-58. | ||
| 650 | 0 | |a Robotics. | |
| 650 | 0 | |a Robots |x Kinematics. | |
| 710 | 2 | |a Universiti Malaya. |b Jabatan Kejuruteraan Mekanik. | |
| 900 | |a HA-ZA | ||
| 596 | |a 1 7 | ||
| 999 | |a TS176 UM 2013 ADDP |w LC |c 1 |i A515699945 |d 3/5/2016 |e 3/5/2016 |f 16/4/2014 |g 1 |l STACKS |m P01UTAMA |n 1 |r Y |s Y |t TESIS |u 15/4/2014 | ||
| 999 | |a TS176 UM 2013 ADDP |w LC |c 1 |i A516085651 |d 30/12/2014 |f 30/12/2014 |g 1 |l STACKS |m P07JURUTER |r N |s Y |t TESIS |u 30/12/2014 | ||
| 999 | |a TS176 UM 2013 ADDP |w LC |c 2 |i A516083545 |d 30/12/2014 |f 30/12/2014 |g 1 |l COUNTER |m P07JURUTER |r N |s Y |t CD |u 30/12/2014 | ||
